[Event "BL9596 (Women)"]
[Site "Germany"]
[Date "1995.??.??"]
[Round "?"]
[White "Lauterbach, Ingrid"]
[Black "Fischdick, Gisela"]
[Result "1/2-1/2"]
[WhiteElo "2175"]
[BlackElo "2290"]

1.Nf3 d5 2.g3 c6 3.Bg2 Nf6 4.d3 Bf5 5.O-O e6 6.Nbd2 h6 7.Qe1 Bh7 8.e4 Be7
9.Qe2 O-O 10.e5 Nfd7 11.Re1 c5 12.Nf1 Nc6 13.h4 Nb6 14.Bf4 c4 15.N1h2 cxd3
16.cxd3 Nb4 17.Red1 Rc8 18.a3 Rc2 19.Rd2 Rxd2 20.Qxd2 Nxd3 21.Be3 Nc4 22.Qe2 Nxe3
23.Qxe3 Bc5 24.Nd4 Qb6 25.Nhf3 Nxb2 26.Bf1 Be4 27.Qc3 Na4 28.Qd2 Qb2 29.Qxb2 Nxb2
30.Nb3 Bxf3 31.Nxc5 b6 32.Nb3 Rc8 33.a4 Be4 34.a5 Bd3 35.axb6 axb6 36.Bh3 Nc4
37.f4 Ne3 38.Nd4 Nf5 39.Nxf5 exf5 40.Ra3 Be4 41.Bf1 d4 42.Rb3 Rc3 43.Rxb6 Rxg3+
44.Kh2 Rc3 45.Rb8+ Kh7 46.Rd8 d3 47.Rd6 Rc2+ 48.Kg1 Rd2 49.h5 Rb2 50.Bxd3 Bxd3
51.Rxd3 Rb4 52.Rd7 Rxf4 53.Rxf7 Kg8 54.e6 Re4 55.Rxf5 Rxe6 56.Kg2 Re3 57.Kf2 Rd3
58.Kg2 Kh7 59.Kh2 Kg8 60.Kg2 Rc3 61.Kh2 Rb3 62.Kg2 Rb1 63.Kg3 Rg1+ 64.Kh4 Kh7
65.Rf8 Rg5 66.Rb8 Rd5 67.Ra8 Rd4+ 68.Kh3 Rd6 69.Kh4 Rf6 70.Rb8 g5+ 71.hxg6+ Kxg6
72.Rg8+  1/2-1/2

[Event "Oberliga Ost A9495"]
[Site "Germany"]
[Date "1995.??.??"]
[Round "?"]
[White "Franz, Karsten"]
[Black "Espig, Thomas"]
[Result "1/2-1/2"]
[WhiteElo "2150"]
[BlackElo "2300"]

1.Nf3 d5 2.g3 e6 3.Bg2 f5 4.O-O Nf6 5.d3 Bc5 6.c4 c6 7.Qc2 Bb6 8.Nbd2 O-O
9.e4 Nbd7 10.b4 a5 11.c5 Bc7 12.Nd4 Ne5 13.exf5 exf5 14.b5 f4 15.a4 Nfg4
16.N2f3 Qf6 17.Ra2 Qg6 18.h3 Qh5 19.Qd1 fxg3 20.fxg3 Nxf3+ 21.Rxf3 Rxf3 22.Qxf3 Qe5
23.Ne2  1/2-1/2

[Event "Landesliga S9596 Bayern"]
[Site "Germany"]
[Date "1995.??.??"]
[Round "?"]
[White "Otte, Lars"]
[Black "Nitsche, Dirk"]
[Result "0-1"]
[WhiteElo "2125"]
[BlackElo "2125"]

1.Nf3 d5 2.g3 Nf6 3.Bg2 Bf5 4.d3 e6 5.Nbd2 Be7 6.b3 O-O 7.Bb2 c5 8.Nh4 Bg4
9.h3 Bh5 10.g4 Nfd7 11.Nhf3 Bg6 12.e3 Nc6 13.Nf1 f5 14.Qd2 Bf6 15.c3 fxg4
16.hxg4 Nde5 17.d4 cxd4 18.exd4 Nxf3+ 19.Bxf3 Bh4 20.Qe2 e5 21.Bxd5+ Kh8
22.Rxh4 Qxh4 23.Bxc6 bxc6 24.dxe5 Rf4 25.Bc1 Bd3 26.Qd2 Re4+  0-1

[Event "Landesliga S9596 Bayern"]
[Site "Germany"]
[Date "1995.??.??"]
[Round "?"]
[White "Egger, Thomas"]
[Black "Zach, Andreas"]
[Result "1-0"]
[WhiteElo "2280"]
[BlackElo "2295"]

1.Nf3 d5 2.g3 c6 3.Bg2 Nf6 4.O-O Bf5 5.d4 e6 6.c4 Be7 7.Nc3 Qb6 8.Nh4 Bg4
9.h3 Bh5 10.cxd5 cxd5 11.g4 Bg6 12.Nxg6 hxg6 13.g5 Ne4 14.Nxe4 dxe4 15.d5 Nd7
16.dxe6 Qxe6 17.Qa4 Rh4 18.Be3 Kf8 19.Rac1 Nb6 20.Bxb6 Qxb6 21.Qd7 Bxg5 22.Rc7 Qf6
23.Rd1 Kg8 24.e3 Rh5 25.Rd6 Qxb2 26.Qxf7+ Kh8 27.Rxg6 Qa1+ 28.Bf1 Bf6 29.Rxg7 Bxg7
30.Qxh5+ Kg8 31.Kg2  1-0

[Event "Landesliga N9596 Bayern"]
[Site "Germany"]
[Date "1995.??.??"]
[Round "?"]
[White "Strube, Frank"]
[Black "Sterk, Joachim"]
[Result "1-0"]
[WhiteElo "2125"]
[BlackElo "2090"]

1.Nf3 d5 2.g3 Nf6 3.Bg2 g6 4.O-O Bg7 5.d3 O-O 6.Nbd2 Re8 7.e4 dxe4 8.dxe4 Nc6
9.c3 Bg4 10.Qb3 Qb8 11.Nd4 Nxd4 12.cxd4 c6 13.h3 Bd7 14.Nc4 Be6 15.Qc2 Bxc4
16.Qxc4 Nd7 17.Rd1 Nb6 18.Qb3 e6 19.Be3 Qd8 20.a4 Qe7 21.Rac1 Rad8 22.a5 Nc8
23.a6 Nb6 24.axb7 Qxb7 25.Rc2 Rc8 26.Qa2 Red8 27.Qb1 Na8 28.f4 Nc7 29.Qc1 Nb5
30.e5 Qb6 31.Rxc6 Rxc6 32.Qxc6 Qxc6 33.Bxc6 Rb8 34.Ra1 Bf8 35.Ra2 Bb4 36.Ra6 Be1
37.g4 Kg7 38.Kf1 Bh4 39.Ra2 Bd8 40.Ke2 a5 41.d5 exd5 42.Bxd5 Bc7 43.Kd3 g5
44.Bc4 gxf4 45.Bxf4 Rd8+ 46.Ke3 Bb6+ 47.Kf3 Nd4+ 48.Kg3 Ne6 49.b3 Nxf4 50.Kxf4 Bc7
51.Kf5 Rd4 52.Rc2 Bb8 53.h4 h6 54.h5 Rd7 55.Re2 Rd4 56.Rg2 Rd7 57.g5 Re7
58.gxh6+ Kxh6 59.Re2 Rc7 60.Kf6 Rc5 61.Bxf7  1-0

[Event "Landesliga N9596 Bayern"]
[Site "Germany"]
[Date "1995.??.??"]
[Round "?"]
[White "Seibold, Hubert"]
[Black "Salac, Jiri"]
[Result "1-0"]
[WhiteElo "2215"]
[BlackElo "2200"]

1.Nf3 d5 2.g3 Bf5 3.Bg2 e6 4.d3 Nf6 5.Nbd2 Be7 6.O-O O-O 7.Re1 c5 8.Nh4 Bg4
9.h3 Bh5 10.f4 Nc6 11.Nhf3 d4 12.Nc4 Nd5 13.e4 dxe3 14.Nxe3 Nd4 15.Nxd5 Qxd5
16.g4 Bg6 17.f5 Nxf5 18.gxf5 Bxf5 19.Be3 Qd6 20.Nd2 Bh4 21.Rf1 Rad8 22.Qh5 Be7
23.Nc4 Qd7 24.a4 b6 25.Ne5 Qd6 26.Nc6 Rde8 27.Nxe7+ Rxe7 28.Qf3 Rc8 29.Qf2 a5
30.Rad1 Bg6 31.d4 c4 32.h4 Qb4 33.c3 Qxa4 34.d5 exd5 35.Bxb6 Be4 36.Bd4 Qd7
37.Qg3 f5 38.Bh3 Rc6 39.Qf4 Rg6+ 40.Kh2 Qb7 41.Rf2 h6 42.Rg1 Rxg1 43.Kxg1 Qb3
44.Bxf5 Qd1+ 45.Rf1 Qc2 46.Qb8+  1-0

[Event "BL2-S9495"]
[Site "Germany"]
[Date "1995.??.??"]
[Round "?"]
[White "Schulze, Ulrich"]
[Black "Sokolovs, Andrei"]
[Result "0-1"]
[WhiteElo "2400"]
[BlackElo "2520"]

1.Nf3 d5 2.g3 Nf6 3.Bg2 g6 4.O-O Bg7 5.c4 c6 6.Na3 O-O 7.d4 Be6 8.Qb3 Qb6
9.Ng5 Bg4 10.f3 Bd7 11.e3 Na6 12.Bd2 h6 13.Nh3 c5 14.Qxb6 axb6 15.Bc3 dxc4
16.dxc5 b5 17.Rad1 Nxc5 18.e4 Bc6 19.e5 Nd5 20.Bd4 Ne6 21.f4 Nxd4 22.Rxd4 e6  0-1

[Event "BL2-S9495"]
[Site "Germany"]
[Date "1995.??.??"]
[Round "?"]
[White "Sieglen, Joachim"]
[Black "Rausis, Igors"]
[Result "1/2-1/2"]
[WhiteElo "2405"]
[BlackElo "2485"]

1.Nf3 d5 2.g3 Bg4 3.Bg2 Nd7 4.c4 c6 5.cxd5 cxd5 6.Nc3 Ngf6 7.Qa4 Bxf3 8.Bxf3 e6
9.e4 dxe4 10.Nxe4 Be7 11.Nxf6+ Bxf6 12.Bxb7 O-O 13.d4 Rb8 14.Bg2 Nb6 15.Qxa7 Bxd4
16.O-O Nc4  1/2-1/2

[Event "BL9495 (Women)"]
[Site "Germany"]
[Date "1995.??.??"]
[Round "202"]
[White "Richtrova, Eliska"]
[Black "Kas Fromm, Rita"]
[Result "1/2-1/2"]
[WhiteElo "2370"]
[BlackElo "2250"]

1.Nf3 d5 2.g3 c6 3.Bg2 Bg4 4.d3 Nd7 5.h3 Bxf3 6.exf3 e5 7.f4 Bd6 8.fxe5 Nxe5
9.Qe2 Ne7 10.O-O O-O 11.d4 Nd7 12.Nd2 Qc7 13.Qd3 Rae8 14.b3 f5 15.Nf3 Nf6
16.c4 Qc8 17.Ne5 Ne4 18.Kh2 a6 19.Bb2 Ng6 20.f4 Qe6 21.Rac1 Rd8 22.Qe2 Qe7
23.Rc2 Ba3 24.Bxa3 Qxa3 25.cxd5 cxd5 26.Bxe4 fxe4 27.Rc7 Qb4 28.Qg4 Rf6 29.Rd1 Qb6
30.Rc8 Rxc8 31.Qxc8+ Rf8 32.Qd7 Nxe5 33.fxe5 Qc6 34.Qxc6 bxc6 35.Kg2 Rf3
36.Rc1 Rd3 37.Rxc6 Rxd4 38.Rxa6 Rd2+ 39.Kf1 Kf7 40.Rd6 d4 41.Ke1 e3 42.a4 d3
43.a5 Re2+ 44.Kd1 Rd2+ 45.Ke1  1/2-1/2

[Event "Oberliga Ost A9495"]
[Site "Germany"]
[Date "1995.??.??"]
[Round "?"]
[White "Schaller, Sven"]
[Black "Dietze, Wolfgang"]
[Result "0-1"]
[WhiteElo "2295"]
[BlackElo "2260"]

1.Nf3 d5 2.g3 Nf6 3.Bg2 Nbd7 4.c4 e5 5.cxd5 Nxd5 6.O-O Be7 7.Nc3 Nxc3 8.bxc3 O-O
9.d3 c6 10.Nd2 Re8 11.Nc4 Bf8 12.Qc2 Nb6 13.Nd2 Bg4 14.Ne4 h6 15.f4 Nd5 16.h3 Bc8
17.fxe5 Rxe5 18.d4 Re6 19.c4 Nf6 20.Nxf6+ Rxf6 21.Bb2 Rxf1+ 22.Rxf1 Be6 23.Kh2 Rc8
24.Qd3 Qb6 25.Ba1 Qa6 26.Be4 Qxc4 27.Qf3 Bd5 28.Bxd5 Qxd5 29.Qg4 Re8 30.Kg1 Re3
31.Bb2 Bd6 32.Rf3 Rxe2 33.Bc1 Re1+ 34.Rf1 Rxf1+ 35.Kxf1 Qh1+ 36.Ke2 Qxc1  0-1

[Event "NRW-Liga II 9495"]
[Site "Germany"]
[Date "1995.??.??"]
[Round "?"]
[White "Rieke, Theo"]
[Black "Wacker, Peter"]
[Result "0-1"]
[WhiteElo "2300"]
[BlackElo "2280"]

1.Nf3 d5 2.g3 Nf6 3.Bg2 c5 4.O-O Nc6 5.d3 e6 6.Nbd2 Be7 7.e4 Qc7 8.Re1 O-O
9.e5 Nd7 10.Qe2 b5 11.Nf1 Bb7 12.Bf4 Rfc8 13.c3 b4 14.c4 Nb6 15.h4 a5 16.h5 a4
17.N1h2 Na5 18.Rac1 Rd8 19.Ng4 Qd7 20.h6 dxc4 21.dxc4 Qd3 22.Qxd3 Rxd3 23.Re3 Rxe3
24.Nxe3 Rd8 25.hxg7 Kxg7 26.Ng5 Bxg2 27.Kxg2 Bxg5 28.Bxg5 Rd4 29.Be7 Nd7
30.f4 Nc6 31.Bf6+ Nxf6 32.exf6+ Kxf6 33.Rc2 Rd3 34.Ng4+ Kf5 35.Nf2 Rd4 36.Kf3 h5
37.Ke3 Na5 38.b3 axb3 39.axb3 Nxb3 40.Nd3 Na5 41.Nxc5 Rxc4 42.Rxc4 Nxc4+
43.Kf3 Na5 44.Nd3 b3 45.Nb2 f6  0-1

[Event "BL2-W9495"]
[Site "Germany"]
[Date "1995.??.??"]
[Round "?"]
[White "Kengis, Edvins"]
[Black "Haba, Petr"]
[Result "1-0"]
[WhiteElo "2580"]
[BlackElo "2505"]

1.Nf3 d5 2.g3 Nf6 3.Bg2 c6 4.O-O Bf5 5.d3 e6 6.Nc3 h6 7.Nd2 Be7 8.e4 Bh7
9.Kh1 a5 10.Qe2 a4 11.a3 b5 12.f4 Na6 13.Nf3 O-O 14.e5 Nd7 15.f5 Bxf5 16.Nd4 Qc7
17.Nxf5 exf5 18.Rxf5 g6 19.Rf1 Qxe5 20.Bxh6 Qxe2 21.Nxe2 Rfe8 22.Nd4 Rac8
23.Bh3 f5 24.g4 Bf6 25.Nf3 Bxb2 26.Rab1 Bg7 27.Bxg7 Kxg7 28.gxf5 Rc7 29.fxg6 Nf6
30.Nd4 Kxg6 31.Rf3  1-0

[Event "BL2-W9495"]
[Site "Germany"]
[Date "1995.??.??"]
[Round "?"]
[White "Kengis, Edvins"]
[Black "Dautov, Rustem"]
[Result "1/2-1/2"]
[WhiteElo "2580"]
[BlackElo "2630"]

1.Nf3 d5 2.g3 c6 3.Bg2 Bg4 4.b3 Nd7 5.Bb2 Ngf6 6.O-O e6 7.c4 Bd6 8.d4 O-O
9.Nbd2 Qe7 10.Ne5 Bf5 11.a3 a5 12.Qc1 Rfc8 13.Bc3 b5 14.Nxd7 Qxd7 15.c5 Bc7
16.b4 Ne4 17.Nxe4 Bxe4 18.Qd2 Bxg2 19.Kxg2 Qd8 20.Qd3 Rcb8 21.f3 Ra6 22.Rfb1 axb4
23.axb4 Rba8 24.Rxa6 Rxa6 25.Ra1 Rxa1 26.Bxa1 Qa8 27.Bc3 Qa2 28.Qd2 Qxd2
29.Bxd2  1/2-1/2

[Event "Verbandsliga N9495 Baden"]
[Site "Germany"]
[Date "1995.??.??"]
[Round "?"]
[White "Haas, Stefan"]
[Black "Martin, Stefan"]
[Result "1/2-1/2"]
[WhiteElo "2260"]
[BlackElo "2250"]

1.Nf3 d5 2.g3 Nf6 3.Bg2 e6 4.O-O c5 5.d4 Nc6 6.b3 Be7 7.Bb2 O-O 8.Nbd2 b6
9.c4 Bb7 10.Rc1 Rc8 11.dxc5 Bxc5 12.Ne5 d4 13.Nd3 Be7 14.Nf3 Rc7 15.Qc2 Qa8
16.Nxd4 Nxd4 17.Bxb7 Nxe2+ 18.Qxe2 Qxb7 19.Ne5 Rd8 20.Rfd1 Rcc8 21.f3 Rxd1+
22.Rxd1 Rd8 23.Rxd8+ Bxd8 24.Qd3 Be7 25.Kg2 Qc7 26.h3  1/2-1/2

[Event "Verbandsliga N9495 Baden"]
[Site "Germany"]
[Date "1995.??.??"]
[Round "?"]
[White "Vidoniak, Roman"]
[Black "Martin, Stefan"]
[Result "1-0"]
[WhiteElo "2405"]
[BlackElo "2250"]

1.Nf3 d5 2.g3 Nf6 3.Bg2 c5 4.b3 Nc6 5.Bb2 e6 6.c4 dxc4 7.bxc4 Be7 8.O-O O-O
9.d3 Qc7 10.Nc3 a6 11.Rb1 Rb8 12.Ba1 Na7 13.Qc2 b5 14.cxb5 axb5 15.Rfc1 Bd7
16.Nd2 b4 17.Nce4 Nb5 18.Nxf6+ gxf6 19.Ne4 e5 20.Qd2 f5 21.Nxc5 Nc3 22.Na6 Qa5
23.Nxb8 Nxb1 24.Rxb1 Rxb8 25.a3 f6 26.axb4 Rxb4 27.Rf1 Ra4 28.Bc3 Qa6 29.f4 Bc5+
30.Kh1 Qb6 31.fxe5 Be3 32.Qb2 Qxb2 33.Bxb2 fxe5 34.Bxe5 Be6 35.h4 Kf7 36.Rb1 Ra2
37.Bf3 Ra5 38.Rb7+ Kg6  1-0

[Event "Giessen op"]
[Site "Giessen"]
[Date "1995.??.??"]
[Round "3"]
[White "Badea, Bela"]
[Black "Neumann, A."]
[Result "1-0"]
[WhiteElo "2490"]
[BlackElo "2210"]

1.Nf3 d5 2.g3 Nf6 3.Bg2 Bf5 4.O-O c6 5.d3 h6 6.Nfd2 e5 7.e4 dxe4 8.dxe4 Be6
9.Qe2 Qc7 10.f4 Bd6 11.f5 Bc8 12.Kh1 b6 13.a3 a5 14.Re1 Ba6 15.Qf3 Nbd7 16.Nc3 b5
17.Nd1 Nb6 18.Ne3 Bc5 19.Nb3 Bxe3 20.Qxe3 Nc4 21.Qg1 Nd7 22.Nd2 Nxd2 23.Bxd2 c5
24.Bf3 Bb7 25.Be3 Rc8 26.Rad1 c4 27.Qg2 Nc5 28.Bc1 Ke7 29.Qh3 f6 30.Qg4 Kf8
31.Be3 h5 32.Qh4 Ke7 33.Kg1 b4 34.axb4 axb4 35.Kg2 b3 36.cxb3 Nxb3 37.g4 c3
38.bxc3 Qxc3 39.gxh5 Qc2+ 40.Kh1 Rc4 41.Rg1 Rh7 42.Rg4 Nd4 43.Bxd4 Rxd4 44.Rdg1 Kf8
45.Rxg7 Rxg7 46.Qxf6+ Rf7 47.Qh8+ Ke7 48.Qxe5+  1-0

[Event "Giessen op"]
[Site "Giessen"]
[Date "1995.??.??"]
[Round "4"]
[White "Klingelhoefer, Stefan"]
[Black "Ginsburg, Gennadij"]
[Result "0-1"]
[WhiteElo "2285"]
[BlackElo "2440"]

1.Nf3 d5 2.g3 c5 3.Bg2 Nc6 4.c4 Nf6 5.O-O e6 6.cxd5 exd5 7.d4 Be7 8.Nc3 O-O
9.Bg5 cxd4 10.Nxd4 h6 11.Be3 Re8 12.Rc1 Bg4 13.h3 Be6 14.Kh2 Ne5 15.b3 a6
16.Rc2 Rc8 17.Qc1 Bd6 18.Nxe6 fxe6 19.Rd1 Qd7 20.Bd4 Nf7 21.Bxf6 gxf6 22.e4 d4
23.e5 Bxe5 24.Ne4 Rxc2 25.Qxc2 f5 26.Nc5 Qc7 27.Rc1 b6 28.Nxa6 Qxc2 29.Rxc2 Rd8
30.Nb4 d3 31.Rc1 d2 32.Rd1 Bc3 33.Nc6 Rd7 34.Bf1 Rd6 35.Ne7+ Kg7 36.f4 Rd4
37.Kg2 Re4 38.Kf3 Re1 39.Be2 Nd6 40.Ke3 Ba5 41.Nc6 Ne4 42.Kd3 Nf2+ 43.Kc2 Rxe2  0-1

[Event "Glorney Cup U20"]
[Site "?"]
[Date "1995.??.??"]
[Round "?"]
[White "Gillen, Adrian"]
[Black "Kuipers, Eelco"]
[Result "1/2-1/2"]
[WhiteElo "2225"]
[BlackElo "2035"]

1.Nf3 d5 2.g3 Nf6 3.Bg2 e6 4.O-O c5 5.d3 Nc6 6.Nbd2 Be7 7.c4 O-O 8.b3 d4
9.Ne1 e5 10.e4 dxe3 11.fxe3 Bg4 12.Bf3 Be6 13.Qe2 Ne8 14.Bb2 f6 15.Nb1 Qd7
16.Nc3 Nc7 17.Rd1 Rad8 18.Nc2 Rfe8 19.Rd2 Kh8 20.Rfd1 Bf8 21.Ne4 f5 22.Nf2 Bf7
23.Bc3 g6 24.Qf1 Bg7 25.Qg2 Re6 26.e4 Rd6 27.Ne3 Bh6 28.Re2 fxe4 29.Bxe4 Bg7
30.Neg4 Nd4 31.Bxd4 Rxd4 32.h3 h5 33.Nh2 b6 34.Rde1 Rd6 35.Nf3 Ne6 36.Bd5 Nd4
37.Nxd4 Bxd5 38.cxd5 cxd4 39.Ne4 Rxd5 40.Rf1 Qe7 41.Ref2 R5d7 42.g4 Bh6 43.g5 Bg7
44.Nf6 Bxf6 45.gxf6 Qf7 46.Kh2 Kh7 47.Qg5 Re8 48.Re1 Rd5 49.Qh4 Rc5 50.Rg1 Rec8
51.Rg5 Rc2 52.Rgg2 R2c6 53.Qe4 Re6 54.Rxg6 Qxg6 55.Qb7+ Kh8 56.Qxc8+ Re8
57.Qc1 Rg8 58.Kh1 Kh7 59.Qd1 Kh8 60.f7 Rf8 61.Qf3 Kh7 62.Kh2 h4 63.b4 b5
64.a3 a6 65.Kh1 Kh6 66.Rf1 Kh7 67.Qf2 Qg5 68.Qe2 Qg6 69.Qxe5 Rxf7 70.Rg1 Qc6+
71.Rg2 Qc1+ 72.Kh2 Qf4+ 73.Qxf4 Rxf4 74.Rg4 Rxg4 75.hxg4 Kg6 76.Kg2 Kf6  1/2-1/2

[Event "Glorney Cup U20"]
[Site "?"]
[Date "1995.??.??"]
[Round "?"]
[White "Vigus, James"]
[Black "Tirard, Hugo"]
[Result "1-0"]
[WhiteElo "2110"]
[BlackElo "2335"]

1.g3 d5 2.Nf3 Bg4 3.Bg2 Nd7 4.c4 e6 5.b3 Ngf6 6.Bb2 c6 7.O-O Be7 8.d3 O-O
9.Qc2 Qc7 10.Nbd2 Rfe8 11.Rfe1 a5 12.a3 Rad8 13.cxd5 exd5 14.Nd4 Bc5 15.e3 Qb6
16.Bc3 Bf8 17.b4 axb4 18.axb4 Bxb4 19.Reb1 c5 20.Bxb4 cxb4 21.Ra4 Rc8 22.Qb2 Nc5
23.Rxb4 Qa6 24.Bf1 Nfd7 25.h3 Bh5 26.Ra1 Qg6 27.Ra3 Ne5 28.Rb6 f6 29.Nb5 Ncxd3
30.Qd4 Rc1 31.Qxd5+ Qf7 32.Rxd3 Nxd3 33.Qxd3 Ra8 34.Nd4 Qc7 35.Rb2 Raa1 36.N4b3 Bg6
37.Qb5  1-0

[Event "GRE-ch94"]
[Site "Glyfada"]
[Date "1995.??.??"]
[Round "8"]
[White "Nikolaidis, Ioannis"]
[Black "Kalesis, Nikolaos"]
[Result "1/2-1/2"]
[WhiteElo "2495"]
[BlackElo "2410"]

1.g3 d5 2.Nf3 g6 3.Bg2 Bg7 4.c4 c6 5.Qa4 Nd7 6.cxd5 cxd5 7.Nc3 Nf6 8.Qb3 Qa5
9.d4 O-O 10.Bd2 e6 11.O-O Qb6 12.Rfc1 Nb8 13.Qxb6 axb6 14.Bf4 Nc6 15.Bd6 Re8
16.e3 Bf8 17.Bc7 Nd7 18.Bf1 Be7 19.Nb5 Bd8 20.Rc3 Kg7 21.a3 Rg8 22.Bd6 Nf6
23.Ne5 Ne4 24.Rc2 f6 25.Nd3 Nxd6 26.Nxd6 Be7 27.Nxc8 Raxc8 28.Rc3 Na5 29.Rac1 Rxc3
30.Rxc3 Nc6 31.Nf4 Kf7 32.Rb3 Bd8 33.Ne2 Bc7 34.Nc3 Ra8 35.Nb5 Bb8 36.Bd3 f5
37.Kg2 Ke7 38.h3 Kd7 39.g4 h6 40.f4 Bc7 41.Kf3 Rf8 42.Nxc7 Kxc7 43.Rc3 Kd6
44.Rc1 fxg4+ 45.Kxg4 Ne7 46.h4 Nf5 47.Bxf5 exf5+ 48.Kf3 h5 49.Ke2 Kd7 50.Kd3 Rf6
51.Rc3 Rc6 52.Kc2 Re6 53.Rb3 g5 54.hxg5 h4 55.Rd3 h3 56.e4 Rxe4 57.Rxh3 Rxf4
58.Rh7+ Kc6 59.Rf7 Rxd4 60.Rxf5 Rg4 61.Kc3 Rg2 62.b4 Rg4 63.Kd2 Rg3 64.a4 Rg4
65.Kc3 Rg3+ 66.Kd4 Rg4+ 67.Ke5 Rxb4 68.g6 Rxa4 69.g7 Rg4 70.Kf6 Rxg7 71.Kxg7 b5
72.Kf6 Kc5 73.Ke5 b4 74.Rf7 b3 75.Rc7+ Kb4 76.Kd4 b5 77.Kd3 Ka3 78.Ra7+ Kb2
79.Kd2 d4 80.Ra5 Kb1  1/2-1/2

[Event "Goetzis"]
[Site "Goetzis"]
[Date "1995.??.??"]
[Round "1"]
[White "Kostic, Vladimir"]
[Black "Schmidlechner, Alexander"]
[Result "1-0"]
[WhiteElo "2430"]
[BlackElo "2000"]

1.Nf3 d5 2.g3 c5 3.Bg2 Nc6 4.d4 Nf6 5.O-O e6 6.c4 dxc4 7.Qa4 Bd7 8.Qxc4 Na5
9.Qd3 Bc6 10.Nbd2 cxd4 11.Nxd4 Bxg2 12.Kxg2 Nc6 13.N2f3 Nxd4 14.Nxd4 Qd5+
15.f3 Bc5 16.Qb5+ Nd7 17.Nb3 a6 18.Qa4 O-O 19.Nxc5 Nxc5 20.Qc2 Rac8 21.Rd1 Qc6
22.b3 Rfd8 23.Be3 Rxd1 24.Rxd1 f6 25.Rc1 a5 26.Qxc5  1-0

[Event "Goetzis"]
[Site "Goetzis"]
[Date "1995.??.??"]
[Round "3"]
[White "Kostic, Vladimir"]
[Black "Zumtobel, Thomas"]
[Result "1-0"]
[WhiteElo "2430"]
[BlackElo "2120"]

1.Nf3 d5 2.g3 c6 3.b3 Bg4 4.Bg2 Nd7 5.Bb2 Ngf6 6.O-O Qc7 7.c4 e6 8.d3 Bd6
9.Nbd2 O-O 10.Rc1 Rfe8 11.Qc2 Rad8 12.Rfe1 Qb8 13.a3 a5 14.Qc3 a4 15.b4 b5
16.Qc2 e5 17.Nf1 h6 18.Nh4 g5 19.Nf3 Be6 20.cxb5 cxb5 21.Qd2 Nh7 22.Rc6 f6
23.Rec1 Nb6 24.Ne1 Rc8 25.R6c5 Bxc5 26.bxc5 Na8 27.Ne3 Nc7 28.d4 e4 29.f3 f5
30.fxe4 fxe4 31.N1c2 Na6 32.Qc3 Nf6 33.Rf1 Rf8 34.Rxf6 Rxf6 35.Bxe4 Rcf8
36.Bg2 Nc7 37.Nb4 Qd8 38.Qc2 Qd7 39.Bc3 Kg7 40.Qd2 Bh3 41.Nd3 Bxg2 42.Kxg2 h5
43.Ba5 Ne8 44.g4 hxg4 45.Ne5 Rf2+ 46.Kg1 Qe6 47.Qe1 R2f4 48.c6 Nf6 49.Qb1 Ne4
50.Qxb5 Qf6 51.Qb7+ Kh6 52.N5xg4+ Kg6 53.Nxf6 R8xf6 54.c7 Nf2 55.c8=Q  1-0

[Event "Goetzis"]
[Site "Goetzis"]
[Date "1995.??.??"]
[Round "4"]
[White "Thoma, Robert"]
[Black "Gaertner, Guntram"]
[Result "1/2-1/2"]
[WhiteElo "2305"]
[BlackElo "2285"]

1.Nf3 d5 2.g3 c6 3.Bg2 Nf6 4.d3 Bf5 5.O-O e6 6.b3 h6 7.Bb2 Be7 8.Nbd2 O-O
9.c4 Nbd7 10.Rc1 Bh7 11.Rc2 Qb6 12.Qa1 Bc5 13.Rcc1 a5 14.a3 Rfd8 15.cxd5 exd5
16.Bd4 Bxd4 17.Qxd4 Re8 18.Qxb6 Nxb6 19.Rfe1  1/2-1/2

[Event "Goetzis"]
[Site "Goetzis"]
[Date "1995.??.??"]
[Round "7"]
[White "Kostic, Vladimir"]
[Black "Donev, Ivo Hristov"]
[Result "1/2-1/2"]
[WhiteElo "2430"]
[BlackElo "2385"]

1.Nf3 d5 2.g3 g6 3.Bg2 Bg7 4.O-O Nf6 5.c4 c6 6.cxd5 cxd5 7.d4 O-O 8.Nc3 Nc6
9.Bf4 Bf5 10.Rc1 Qb6 11.Qb3 Nxd4 12.Nxd4 Qxd4 13.Rfd1 Qb6 14.Nxd5 Nxd5 15.Qxd5 Qxb2
16.Qxb7  1/2-1/2

[Event "Graz op"]
[Site "Graz"]
[Date "1995.??.??"]
[Round "2"]
[White "Schroecker, Hans Peter"]
[Black "Margetic, G."]
[Result "1-0"]
[WhiteElo "2150"]
[BlackElo "1895"]

1.g3 d5 2.Nf3 Nf6 3.Bg2 e6 4.O-O b6 5.d3 Be7 6.Nbd2 Bb7 7.e4 dxe4 8.dxe4 O-O
9.Qe2 c5 10.Rd1 Qc7 11.e5 Nd5 12.Ne4 Rd8 13.c4 Nb4 14.Bf4 N8c6 15.a3 Na6
16.Nf6+ Kh8 17.Ng5 Bxf6 18.exf6 Rxd1+ 19.Rxd1 e5 20.Qh5 h6 21.Nxf7+ Kg8 22.Nxh6+ Kf8
23.Nf5 Nd4 24.fxg7+ Kg8 25.Nh6+ Kh7 26.Bxe5 Bf3 27.Bxf3 Nxf3+ 28.Qxf3 Qxe5
29.Qxa8  1-0

[Event "Graz op"]
[Site "Graz"]
[Date "1995.??.??"]
[Round "5"]
[White "Nikolaidis, Ioannis"]
[Black "Kummer, Helmut"]
[Result "0-1"]
[WhiteElo "2540"]
[BlackElo "2320"]

1.Nf3 d5 2.g3 c6 3.Bg2 Nf6 4.O-O Bg4 5.d3 Nbd7 6.Qe1 e5 7.e4 dxe4 8.dxe4 Be7
9.Nbd2 O-O 10.Nc4 Qc7 11.Ne3 Bh5 12.Nf5 Bc5 13.b4 Bb6 14.c4 a5 15.c5 Ba7
16.a3 axb4 17.axb4 Kh8 18.Ba3 b6 19.Qe3 bxc5 20.bxc5 Rab8 21.Rfc1 Rb5 22.Bf1 Ra5
23.Nd2 Rb8 24.h3 Nxc5 25.Rxc5 Bxc5 26.Bxc5 Rxa1 27.Bd6 Qd8 28.Be7 Qg8 29.Qg5 Ne8
30.Qxh5 g6 31.Qh4 gxf5 32.exf5 Qg7 33.Bg5 f6 34.Bh6 Qd7 35.g4 Rd1 36.Be3 Rxd2
37.Qh6 Qg7 38.Bxd2 Qxh6 39.Bxh6 Nd6 40.Be3 Rc8 41.Ba6 Ra8 42.Be2 Kg7 43.Kg2 Nb5
44.Bc5 Nd4 45.Bd3 Ra5 46.Bb4 Ra1 47.Be7 Kf7 48.Bd8 h6 49.h4 Ra8 50.Bb6 Kg7
51.Be4 Rb8 52.Bc5 Rc8 53.f4 Nb3 54.Be7 Nd2 55.Bc2 Re8 56.Bb4 exf4 57.Kf2 Nc4
58.Kf3 c5 59.Bxc5 Ne5+ 60.Kxf4 Rc8  0-1

[Event "Groningen op"]
[Site "Groningen"]
[Date "1995.??.??"]
[Round "?"]
[White "Van der Weide, Karel"]
[Black "Yagupov, Igor"]
[Result "0-1"]
[WhiteElo "2325"]
[BlackElo "2405"]

1.Nf3 d5 2.g3 c6 3.Bg2 Bg4 4.O-O Nd7 5.d3 Ngf6 6.Nbd2 e5 7.e4 dxe4 8.dxe4 Bc5
9.h3 Bh5 10.Qe1 O-O 11.a3 a5 12.b3 Ne8 13.Bb2 f6 14.Nh4 b5 15.Nf5 Qb6 16.Bf3 Bf7
17.h4 Nc7 18.Kg2 Ne6 19.c3 Rfd8 20.b4 Bf8 21.Ne3 Nc7 22.Qe2 c5 23.bxa5 Qxa5
24.c4 Nb6 25.Rad1 Na4 26.Ba1 Nb6 27.Bb2 Ne6 28.cxb5 Nd4 29.Bxd4 cxd4 30.Nd5 Nxd5
31.exd5 Qxa3 32.Rb1 d3 33.Qe4 Ra4 34.Nc4 Qc5 35.Rfc1 Bxd5 36.Qg4 d2  0-1

[Event "Groningen op"]
[Site "Groningen"]
[Date "1995.??.??"]
[Round "?"]
[White "Tseitlin, Mark D"]
[Black "Porper, Eduard"]
[Result "1-0"]
[WhiteElo "2545"]
[BlackElo "2425"]

1.Nf3 d5 2.g3 c6 3.Bg2 Nf6 4.d3 h6 5.O-O Bf5 6.b3 e6 7.Bb2 Nbd7 8.Nbd2 Bh7
9.c4 Bc5 10.a3 a5 11.Bc3 O-O 12.Qc2 Qb6 13.Qb2 Rfe8 14.b4 axb4 15.axb4 Bf8
16.c5 Qc7 17.Rxa8 Rxa8 18.Ra1 Qb8 19.Nb3 Ra7 20.Na5 Qa8 21.Rc1 Ne8 22.Ne5 Nxe5
23.Bxe5 Be7 24.Bc3 Bd8 25.e4 Bf6 26.Bxf6 Nxf6 27.Qd4 Qb8 28.f4 Qc7 29.Re1 Ra8
30.Qe5 Rc8 31.exd5 Qxe5 32.fxe5 Nxd5 33.Bxd5 exd5 34.d4 Rc7 35.Re3 Bc2 36.Ra3 Kh7
37.Kf2 Kg6 38.Ke3 Kg5 39.Ra2 Bd1 40.Kd2 Bg4 41.Nb3 Bh3 42.Ke2 Bg4+ 43.Ke3 Bd1
44.Nc1 Kg4 45.Nd3 Bb3 46.Rf2 Bc4 47.Nf4 Re7 48.h3+ Kg5 49.Ng2 Kg6 50.Nh4+ Kh7
51.Nf5 Rd7 52.Nd6 Kg6 53.h4 f6 54.Kf4 h5 55.g4 hxg4 56.h5+ Kh7 57.exf6 gxf6
58.Kxg4 Rg7+ 59.Kh4 Rg1 60.Rxf6 Rd1 61.Rf7+ Kg8 62.h6 Rxd4+ 63.Kg5 Rd1 64.Rg7+ Kf8
65.Rxb7 Bd3 66.h7 Rg1+ 67.Kf6 Rf1+ 68.Ke5  1-0

[Event "Gyongyos op "]
[Site "Gyongyos"]
[Date "1995.??.??"]
[Round "?"]
[White "Miko, Sandor"]
[Black "Prelevic, Mirko"]
[Result "1/2-1/2"]
[WhiteElo "2215"]
[BlackElo "2060"]

1.Nf3 d5 2.g3 Nf6 3.Bg2 Nc6 4.d3 Bf5 5.Nbd2 h6 6.O-O Qd7 7.Re1 O-O-O 8.c4 e6
9.a3 a5 10.b4 axb4 11.axb4 Bxb4 12.Ra8+ Nb8 13.Ne5 Qe8 14.Qb3 c5 15.Qa2 Nd7
16.Nxd7 Qxd7 17.cxd5 exd5 18.e4 Rhe8 19.Nc4 dxc4 20.Rxb8+ Kxb8 21.Bf4+ Qd6
22.Bxd6+ Rxd6 23.Rb1 cxd3 24.Qxf7 Bd7 25.e5 d2 26.Qh5 Ba4 27.Bf3 g6 28.Qxh6 Rxe5
29.Qh8+ Re8 30.Qg7 Re1+ 31.Kg2 Rd7 32.Qf8+ Ka7 33.Rxb4 cxb4 34.Qxb4 Bc6 35.Qc5+ Kb8
36.Qf8+ Kc7 37.Qf4+ Kb6 38.Qb4+ Bb5 39.h4 d1=Q 40.Bxd1 Rdxd1 41.Kf3 Rd3+
42.Kf4 Re2 43.Kg5 Rxf2 44.g4 Rc2 45.Qe4 Rc5+ 46.Kh6 Rd6 47.g5 Rc4 48.Qe3+ Kc7
49.Qe7+ Bd7 50.Qe1 Bf5 51.Qe7+ Rd7 52.Qe5+ Kc8 53.h5 Rc6 54.Qe8+ Rd8 55.Qe5 gxh5+
56.Kxh5 Bg6+ 57.Kh6 Rd7 58.Qb8+  1/2-1/2

[Event "Hafnarfjordur op"]
[Site "Hafnarfjordur"]
[Date "1995.??.??"]
[Round "6"]
[White "Burden, James"]
[Black "Thorfinnsson, Bjorn"]
[Result "1/2-1/2"]
[WhiteElo "2185"]
[BlackElo "2060"]

1.Nf3 d5 2.g3 e6 3.Bg2 Nf6 4.O-O Bd6 5.d3 c5 6.Nbd2 Nc6 7.e4 dxe4 8.dxe4 e5
9.c3 O-O 10.Qe2 b6 11.Nh4 a5 12.Rd1 Qc7 13.Nf1 Rd8 14.Ne3 Be6 15.Nd5 Bxd5
16.exd5 Ne7 17.Bg5 Ne8 18.Be4 f6 19.Be3 g6 20.c4 Ng7 21.Bh6 Rab8 22.Rd2 Qd7
23.f4 Ngf5 24.Nxf5 Nxf5 25.Bxf5 Qxf5 26.fxe5 Bxe5 27.Rf1 Qd7 28.Bf4 Re8 29.Qf3 f5
30.d6 Bxf4 31.Qd5+ Qe6 32.Rxf4 Qxd5 33.Rxd5 Rbd8 34.Rf3 Rd7 35.Rb3 Rb8 36.Kf2 a4
37.Rb5 Rbb7 38.b4 axb3 39.Rxb3 Kf7 40.Kf3 Kf6 41.a4 Ke6 42.Re3+ Kf6 43.Rb3 Ke6  1/2-1/2